000 00372 a2200157 4500
001 75733
020 _a9788539508662
040 _cAnchieta - Colégio São Paulo
100 _aBoie, Kirsten
240 1 0 _aO mistério das princesas
_lpor
245 1 0 _aO mistério das princesas
300 _a302
362 0 _a2015
650 4 _aLiteratura infanto-juvenil
942 _cBK
999 _c75733
_d75733